01180nam a2200277 a 450000100060000000300080000600500170001400800410003102000160007203500190008804000320010704100080013908200300014710000280017724501540020526000480035930000340040750000710044150400500051265000530056265000370061571000580065294200120071099900170072295201630073967880BD-RjUL20211209081713.0170329s1990 ii b 001 0 eng d a8120405196  a(BD-RjUL)68089 aDLCcDLCdDLCdBD-RjULbeng aeng00a333.9100954223bVEW 19901 aVerghese, B. G.920123010aWaters of hope :bintegrated water resource development and regional cooperation within the Himalayan-Ganga-Brahmaputra-Barak basin /cB.G. Verghese. aNew Delhi :bOxford & IBH Pub. Co.,cc1990. axvi, 446 p. :bill. ;c25 cm. a"Under the auspices of the Centre for Policy Research, New Delhi." aIncludes bibliographical references and index 0aWater resources developmentzSouth Asia.9201231 0aSouth Asian cooperation.91268561 aCentre for Policy Research (New Delhi, India)9134721 2ddccBK c67880d67880 00102ddc40718NFICaRUCLbRUCLcReadingd1997-07-19eFavourite Book Centre,Dhakag592.50l0o333.9100954 VEW 1990r2017-03-29 00:00:00tC-1w2017-03-29yBK